000 02695nam0a2200385 4500
001 RU\NLR\BIBL_A\012329473
005 20201224190120.0
010 _a978-5-91730-931-6
_9300
021 _aRU
_bКН-П-20-026712
_9КН-П-20-2060
035 _a(NLR Aleph) 012329473
035 _a(RuMoRGB)010334620
090 _a11465275
_c11465275
100 _a20200910d2019 u y0rusy50 ca
101 0 _arus
102 _aRU
105 _aa|||jzzz000zy
181 0 _ai
_baxxe
182 0 _an
200 1 _aВарианты оценки и использования информативных показателей двигательного спортивного действия спортсменов циклических видов спорта после применения внетренировочных средств в годичном цикле подготовки
_eучебно-методическое пособие
_e[для студентов вузов физической культуры]
_fА. Н. Тамбовский, Т. А. Сидоренко, С. Г. Сейранов [и др.]
_gМинистерство спорта Российской Федерации, ФГБОУ ВО "Московская государственная академия физической культуры"
203 _aТекст
_bвизуальный
_cнепосредственный
210 _aМалаховка, Московская обл.
_aМосква
_cФГБОУ ВО "Московская государственная академия физической культуры"
_d2019
215 _a91 с.
_cил., табл.
_d21
320 _aБиблиогр.: с. 83-91 (53 назв.)
606 1 _aЦиклические виды спорта
_jУчебно-методические пособия
_xВрачебный контроль
_92414534
_3RU\NLR\AUTH\6601657344
606 1 _aСпортсмены циклических видов спорта
_jУчебно-методические пособия
_xРаботоспособность
_xВосстановление
_xПрименение физиотерапии
_92453869
_3RU\NLR\AUTH\6601676277
610 0 _aциклические виды спорта - врачебно-педагогические наблюдения
686 1 _aЧ517.29цикл0я7
701 1 _aТамбовский
_bА. Н.
_gАнатолий Николаевич
701 1 _aСидоренко
_bТ. А.
701 1 _aСейранов
_bС. Г.
_gСергей Германович
942 _cBOOK
980 _aNBR
980 _aNB